000 01280cam a22003497i 4500
999 _c1398
_d1398
001 19478466
003 OSt
005 20221229104535.0
008 170203r20162016nyua j 000 0 eng
010 _a 2016302700
020 _a9781770857858
_q(paperback)
035 _a(OCoLC)ocn940236307
040 _aNLC
_beng
_cNLC
_erda
_dOCLCO
_dBDX
_dBTCTA
_dYDXCP
_dOCLCF
_dOCLCO
_dOCLCQ
_dUAB
_dSINLB
_dOCLCO
_dVICSF
_dQBX
_dIHX
_dDLC
_dKH8
042 _alccopycat
082 0 4 _a617.6 LIE
_223
100 1 _aLiebman, Daniel,
_eauthor.
245 1 0 _aI want to be a dentist /
_cDan Liebman.
264 1 _aBuffalo, New York :
_bFirefly Books,
_c[2016]
300 _a1 volume (unpaged) :
_bcolor illustrations ;
_c21 cm.
336 _atext
_btxt
_2rdacontent
336 _astill image
_bsti
_2rdacontent
337 _aunmediated
_bn
_2rdamedia
338 _avolume
_bnc
_2rdacarrier
490 1 _aI want to be
650 0 _aDentistry
_vJuvenile literature.
650 7 _aDentistry.
_2fast
_0(OCoLC)fst00890633
655 7 _aJuvenile works.
_2fast
_0(OCoLC)fst01411637
800 1 _aLiebman, Daniel.
_tI want to be-- (Firefly Books)
906 _a7
_bcbc
_ccopycat
_d2
_encip
_f20
_gy-gencatlg
942 _2ddc
_cNFIC